000 00545nam a2200181Ia 4500
003 GCL
008 140319s9999 xx 000 0 aSpa d
040 _aGCL /
_cGCL
082 0 4 _a709.972
_bV D
100 1 _aVARGAS, ISMAEL
245 1 0 _aDIALOGOS DEL ARTE MEXICANO :
_bCOLECCION DE ARTE POPULAR = COLLECTION OF POPULAR ART CIGARRERA /
_cVARGAS, ISMAEL
700 1 _aORDONEZ, SYLVIA
260 _aالمكسيك :
_bPULIM ،
_c1994
300 _a237 P
_bILL. ؛
_c28 cm.
650 0 4 _aART
650 0 4 _aMEXICAN AMERICAN ART
942 _2ddc
_cBK
999 _c4748
_d4748